| 000 | 00422nam a2200109Ia 4500 | ||
|---|---|---|---|
| 008 | 160909s9999 xx 000 0 und d | ||
| 100 | _aOle Petenya, Shani Y. | ||
| 245 | _aHosts' motvations for participation, problems and challenges in Homestay Tourism - Shompole Maasai, Kenya | ||
| 260 |
_bClemson University. _c2016 |
||
| 650 | _aMARKETING MANAGEMENT | ||
| 856 | _uhttp://pqdtopen.proquest.com/doc/1795522490.html?FMT=ABS | ||
| 999 |
_c304816 _d304816 |
||